Statistics for Who Did That? - The Bible

Click here to take the quiz!

General Stats

  • This quiz has been taken 96 times
  • The average score is 10 of 12

Answer Stats

ActionCharacter% Correct
Killed GoliathDavid
99%
Ate the forbidden fruitAdam
98%
Rose himself from the deadJesus
98%
Ate the forbidden fruitEve
95%
Led the slaves out of EgyptMoses
95%
Killed AbelCain
94%
Denied JesusPeter
87%
Doubted JesusThomas
87%
Wrote most of the New TestamentPaul
82%
Built the TempleSolomon
72%
Saved Egypt from 7 years famineJoseph
64%
Read the writing on the wallDaniel
46%

Score Distribution

Percentile by Number Answered

Percent of People with Each Score

Your Score History

You have not taken this quiz